Návrh a implementácia tiketovacieho informačného systému
Saved in:
| Main Author: | |
|---|---|
| Other Authors: | |
| Format: | Manuscript Book |
| Language: | Slovak |
| Published: |
2018
|
| Subjects: | |
| Online Access: | http://is.stuba.sk/zp/portal_zp.pl?podrobnosti=137531 |
| Tags: |
No Tags, Be the first to tag this record!
|
MARC
| LEADER | 00000ntm a22000003a 4500 | ||
|---|---|---|---|
| 001 | stuzp68714 | ||
| 003 | SK-STU | ||
| 005 | 20181214121809.6 | ||
| 007 | ta | ||
| 008 | 150427s2015----xo-----f-mn---000-0-slo-d | ||
| 040 | |a STU |b slo | ||
| 041 | 0 | |a slo | |
| 044 | |a xo | ||
| 100 | 1 | |a Odziomková, Kristína |u 035000 |4 aut |U FEI Fakulta elektrotechniky a informatiky |T FEI Ústav informatiky a matematiky |X 72899 |U E050 |Y 816 |7 72899 | |
| 242 | 0 | 1 | |a Design and implementation of a ticketing information system |y eng |
| 245 | 1 | 0 | |a Návrh a implementácia tiketovacieho informačného systému |
| 260 | |c 2018 | ||
| 300 | |a 50 s., príl., CD-ROM | ||
| 650 | 4 | |a Laravel framework |2 slo | |
| 650 | 4 | |a invertovaný index |2 slo | |
| 650 | 4 | |a fulltextové vyhľadávanie |2 slo | |
| 650 | 4 | |a tiketovaci systém |2 slo | |
| 650 | 4 | |a ticketing system |2 eng | |
| 650 | 4 | |a full-text search |2 eng | |
| 650 | 4 | |a inverted index |2 eng | |
| 650 | 4 | |a Laravel framework |2 eng | |
| 700 | 1 | |a Juhás, Gabriel |u 035000 |k Z1 |4 ths |U FEI Fakulta elektrotechniky a informatiky |T FEI Ústav informatiky a matematiky |X 4971 |U E050 |Y 816 |7 A000004971 | |
| 856 | 4 | |u http://is.stuba.sk/zp/portal_zp.pl?podrobnosti=137531 | |
| 996 | |b 284EP12125 |c E*DIPL- 12125 |l EE35 |s P |a 0 |w stuzp68714_0001 | ||